Cien óperas (Record no. 148788)

MARC details
000 -LEADER
campo de control de longitud fija 00644nam a2200217 i 4500
001 - NÚMERO DE CONTROL
campo de control 148788
003 - IDENTIFICADOR DE NÚMERO DE CONTROL
campo de control ES-MaACL
005 - FECHA Y HORA DE LA ÚLTIMA TRANSACCIÓN
campo de control 20250726220445.0
007 - CAMPO FIJO DE DESCRIPCIÓN FÍSICA--INFORMACIÓN GENERAL
campo de control de longitud fija t|
008 - DATOS DE LONGITUD FIJA--INFORMACIÓN GENERAL
campo de control de longitud fija 070214s1967 sp r ||||1| spa d
100 1# - ENTRADA PRINCIPAL--NOMBRE DE PERSONA
Nombre de persona Subirá, José,
Fechas asociadas al nombre 1882-1980
9 (RLIN) 108686
245 10 - MENCIÓN DEL TÍTULO
Título Cien óperas
Resto del título : autores, personajes, argumentos /
Mención de responsabilidad, etc. José Subirá.
246 3# - FORMA VARIANTE DEL TITULO
Título propio/Titulo breve 100 óperas
260 ## - PUBLICACIÓN, DISTRIBUCIÓN, ETC.
Lugar de publicación, distribución, etc. Madrid :
Nombre del editor, distribuidor, etc. Prensa Española,
Fecha de publicación, distribución, etc. 1967.
300 ## - DESCRIPCIÓN FÍSICA
Extensión 486 p., 18 lám. :
Otras características físicas il. ;
Dimensiones 22 cm.
490 1# - MENCIÓN DE SERIE
Mención de serie Los tres dados
650 #7 - PUNTO DE ACCESO ADICIONAL DE MATERIA--TÉRMINO DE MATERIA
Término de materia o nombre geográfico como elemento de entrada Óperas
Fuente del encabezamiento o término embne
9 (RLIN) 15717
830 1# - PUNTO DE ACCESO ADICIONAL DE SERIE-TÍTULO UNIFORME
Título uniforme Los tres dados
9 (RLIN) 181533
852 ## - LOCALIZACIÓN
Ubicación ES-MaACL
Número de control de estantería C-31087
Holdings
Estatus retirado Estado de pérdida Estado de daño No para préstamo Biblioteca de origen Biblioteca actual Ubicación en estantería Fecha de adquisición Fuente de adquisición Total de préstamos Signatura topográfica completa Código de barras Visto por última vez Precio de reemplazo Tipo de ítem Koha
        Biblioteca del Ateneo de Madrid Biblioteca del Ateneo de Madrid Depósito 2 17/01/2008     C-31087 1155270 23/02/2023 23/02/2023 Libro impreso